00899nam a2200217 a 450000100100000000500170001000800410002704000250006808200260009310000430011924500330016226000620019530000440025749000350030165000270033665000310036383000360039491000370043095201970046799900170066400003504620200930074053.0100624s1969 cu 000 f spa d aDO-SdBNPbspacBNPHU aAr863.44bC827r, 19691 aCortázar, Julio, d1914-198491068810aRayuela /cJulio Cortázar. aBuenos Aires, Argentina :bCasa de Las Américas,c1969. a155 p. en varias paginaciones ;c18 cm.1 aLiteratura latinoamericanav44 4aNovela argentina93941 4aLiteratura argentina93860 0aLiteratura latinoamericana9500 aValidado. Control de calidad MFF 001050718MOaGRbGRcHDd2011-10-24iLF1l0oAr863.44 C827r, 1969p35046-10r2020-06-25w2020-06-25y1zPerteneció a la biblioteca personal de Juan Isidro Jimenes -GrullónZNo se presta c34537d34537